| 000 | 00946nam a2200205 i 4500 | ||
|---|---|---|---|
| 001 | 42660 | ||
| 003 | ES-MaACL | ||
| 005 | 20250902073147.0 | ||
| 007 | t| | ||
| 008 | 200220s1968 sp ||||1| spa d | ||
| 245 | 0 | 0 |
_aCeramica y vidrio _b: Reglamentaciones nacionales de trabajo de ceramica, tejas y ladrillos y vidrio. Modificaciones y aclaraciones al dia. Convenios colectivos sindicales. Nuevos salrios minimos y bases de cotizacion. Estatutos de la Mutualidad Laboral y nuevo regimen de Seguridad Social. |
| 260 |
_aMadrid : _bGarcía Enciso, _c1968. |
||
| 300 |
_a286 p. ; _c16 cm. |
||
| 490 | 1 | _aColección "Garcia Enciso" | |
| 650 | 4 |
_aTrabajadores de la industria cerámica- _vEstatuto jurídico- _zEspaña. _9169660 |
|
| 650 | 4 |
_aTrabajadores de la industria del vidrio- _xEstatuto jurídico- _zEspaña. _9169661 |
|
| 830 | 0 | 0 |
_aColección "García Enciso" _9176884 |
| 852 |
_aES-MaACL _jP-1332-26 |
||
| 999 |
_c42660 _d42660 |
||